000 00872naa a2200229 c 4500
001 50114
999 _c50114
_d50114
003 ES-MaCES
005 20171020121858.0
008 171020s2017 sp ||||| t||||||| ||spa d
040 _aES-MaCES
_bspa
_cES-MaCES
_dES-MaCES
245 0 4 _aLas economías regionales mejoran, aunque persisten importantes diferencias en términos de desarollo económico
650 4 _927093
_adesarrollo económico
650 4 _927094
_acrecimiento económico
650 4 _929369
_aproducto interior bruto
650 4 _928259
_aproductividad
650 4 _929186
_adesarrollo regional
650 4 _930768
_aComunidades Autónomas
653 1 0 _aEconomía
773 0 _986399
_dMadrid (Huertas, 73, 28014) CES 2007-
_o089296
_tCauces
_w(ES-MaCES)26015
_gn. 35 (2017) {55/1063 R. 089296} ;p. 9-17
902 _aART Artículo de revista
942 _2CES
_cAR
_h0.0.